00790nam a2200169 a 450000100100000000500170001000800410002710000470006824502700011526000500038530000410043550000420047650000420051850500240056070000230058404000130060700002465720200930023307.0100127s1891 dr 000 0 spa d1 aClaus, Carl Friedrich Wilhelm,d1835-1899.10aHistoria natural /cZoología, por el doctor C. Claus ; traducida de la última edición alemana por el doctor Don Luis de Góngora y ampliada en la parte descriptiva de los diversos animales con presencia de las obras de los más notables zoólogos modernos. aBarcelona :bMontaner y Simón, 1891,c1891. av., h. de lám.) :b: il. ;c25 cm. aNovísima ed. profusamente ilustrada aIncluye notas al pie de las páginas2 gv. II :tZoología0 aGóngora, Luis de aDO-SdBNP